| 000 | 00910nam a22002297a 4500 | ||
|---|---|---|---|
| 003 | BUBTL | ||
| 008 | 231015b ||||| |||| 00| 0 eng d | ||
| 020 | _a9788129517991 | ||
| 041 | _aben | ||
| 082 | _a954.14/ R8121b/ 2009 | ||
| 100 |
_95542 _aরায়, নীহাররঞ্জন |
||
| 245 |
_aবাঙ্গালীর ইতিহাস : _bআদিপর্ব / _cনীহাররঞ্জন রায় |
||
| 250 | _a7th ed | ||
| 260 |
_aকলকাতা : _bদে’জ পাবলিশিং, _cc2009 |
||
| 300 |
_a968 p. : _bills.; _c23 cm. |
||
| 500 | _aIncludes Index | ||
| 505 | _aবাঙ্গালীর ইতিহাস, আদিপর্ব, নীহাররঞ্জন রায়, ইতিহাস | ||
| 650 | 0 |
_91687 _aবাংলা সাহিত্য |
|
| 856 |
_k0 _l0 _yDownload |
||
| 942 |
_2ddc _cBK |
||
| 999 |
_c7114 _d7114 |
||